Institut Slavjanovedenija kratke soobšenija

Bibliographic Details
Main Author: Majakovskij, Vladimir Vladimirovič, 1893-1930 (Author)
Format: Book
Language:Undetermined
PhysicalDescription:85 s.
Published: Moskva Izdateľstvo Akademii nauk SSSR 1951
Edition:1. rus. vyd.

MARC

LEADER 00000nam a2200000 a 4500
001 vtls001457474
003 SK-MaSNL
005 20260301191039.0
008 240313s1951 xx 0 und
035 |a SNK000412781 
040 |a SNK  |b slo  |c SNK  |e AACR2 
100 1 |a Majakovskij, Vladimir Vladimirovič,  |d 1893-1930  |4 aut  |9 107268 
245 1 |a Institut Slavjanovedenija  |b kratke soobšenija 
250 |a 1. rus. vyd. 
260 |a Moskva  |b Izdateľstvo Akademii nauk SSSR  |c 1951 
300 |a 85 s. 
999 |c 869733  |d 871663 
952 |t P60, <04>, [BOOK], {604}  |a SNK  |b SNK  |y VYP  |7 0  |p 17A0390160  |o snkIB 2177/1  |i snk4851/52  |0 0  |1 0  |4 0  |d 2003-07-29  |l 0  |r 2005-01-02 00:00:00  |w 2026-02-24